| 000 | 00000nam##2200000za#4500 |
| 001 | 9.599537 |
| 003 | CaOODSP |
| 005 | 20240501092931 |
| 007 | cr ||||||||||| |
| 008 | 150406|1997||||xxc|||||o f|0| 0 fre|d |
| 040 | |aCaOODSP|bfre |
| 043 | |an-cn--- |
| 086 | 1 |aPS83-3/56F-PDF |
| 110 | 2 |aService correctionnel Canada. |
| 245 | 13|aLe risque associé aux délinquants sexuels : |h[ressource électronique]|bprésentation d'un modèle de stratégie d'évaluation s'appuyant sur des données cliniques / |cpar Ralph Serin, Howard Barbaree & Michael Seto, Bruce Malcolm, and Ed Peacock. |
| 260 | |bService correctionnel Canada |cMai 1997. |
| 300 | |a26p.|bfigure, références, tableaux |
| 490 | 1 |aRapport de recherche|v[R-56] |
| 590 | |a10-12-Supp|b2010-11-18 |
| 720 | 1 |aSerin, Ralph C. |
| 720 | 1 |aBarbaree, Howard |
| 720 | 1 |aSeto, Michael |
| 720 | 1 |aMalcolm, Bruce |
| 720 | 1 |aPeacock, Ed |
| 775 | 08|tA model for a clinically-informed risk assessment strategy for sex offenders / |w(CaOODSP)9.568247 |
| 830 | #0|aRapport de recherche (Service correctionnel Canada. Direction de la recherche)|v[R-56]|w(CaOODSP)9.502465 |
| 856 | 40|ahttp://publications.gc.ca|qPDF|s61 Ko|uhttps://publications.gc.ca/collections/collection_2010/scc-csc/PS83-3-56-fra.pdf|y[R-56] |